Les meilleurs universités du monde - Statistiques

Statistiques générales
  • Ce quiz a été pris 213 fois
  • Le résultat moyen est 4 sur 9
Statistiques - réponses
Pays Universités % Correct
États Unis Harvard
96%
Royaume-Uni Oxford
92%
Royaume-Uni Cambridge
65%
États Unis MIT
56%
États Unis Stanford
47%
Royaume-Uni UCL
24%
États Unis Berkeley
15%
Suisse ETH Zurich
9%
Singapour NUS
7%
Aucun quiz correspondant
Distribution des résultats
% des personnes avec chaque résultat
Percentile par nombre de réponses
Votre historique - résultats
Vous n’avez pas pris ce quiz